Statistics for Arctic Monkeys Lyrics - Evil Twin

Click here to take the quiz!

General Stats

  • This quiz has been taken 12 times
  • The average score is 240 of 298

Answer Stats

Lyrics% Correct
me
100%
me"
100%
you?
100%
you
100%
a
90%
and
90%
And
90%
be
90%
Before
90%
before
90%
But
90%
do
90%
don't
90%
give
90%
go
90%
I
90%
it
90%
it's
90%
It's
90%
know
90%
like
90%
love's
90%
'n'
90%
need
90%
No
90%
No,
90%
not
90%
really
90%
said,
90%
she
90%
So
90%
to
90%
what
90%
Where
90%
your
90%
Your
90%
at
80%
body
80%
Both
80%
difficult
80%
exact
80%
find
80%
goes
80%
have
80%
long
80%
lost
80%
met
80%
mind
80%
my
80%
never
80%
of
80%
"Oh
80%
on
80%
one
80%
rock
80%
roll
80%
same
80%
She's
80%
sound
80%
still
80%
talking
80%
Tha
80%
the
80%
this
80%
those
80%
time
80%
well
80%
Well,
80%
when
80%
When
80%
wherever
80%
will
80%
You've
80%
about
70%
cold
70%
definitely
70%
first
70%
greets
70%
hard
70%
how
70%
How
70%
I'm
70%
just
70%
leave
70%
point
70%
She'll
70%
that
70%
you'll
70%
angels'
60%
"Baby
60%
believe
60%
can
60%
can't
60%
equipped
60%
faces
60%
fell
60%
free
60%
her
60%
in
60%
make
60%
mine
60%
obvious
60%
second
60%
sticking
60%
tell
60%
There's
60%
they're
60%
think
60%
Trying
60%
ways
60%
worst
60%
you'd
60%
break
50%
for
50%
had
50%
heart
50%
hunger
50%
more
50%
nowhere
50%
other
50%
overcoat
50%
plan
50%
than
50%
thirst
50%
told
50%
colourful
40%
come
40%
knows
40%
let
40%
Looks
40%
lurch
40%
something
40%
unstuck"
40%
with
40%
him
30%
luck?
30%
stop
30%
wings
30%
Swapped
20%

Score Distribution

Percentile by Number Answered

Percent of People with Each Score

Your Score History

You have not taken this quiz